00550nam a2200157 450000500170000001000150001702000260003203500140005803700130007208200100008524500730009526000760016827000980024430000210034270000290036320220823125815.0 aENG-134563 c500.00a9788195174638 aEN-118095 bDBAD/PUB a335.5 aRecent advances in arts,science and social sciences/cK.Muthuchelian aTamil NadubVirudhunagar Hindu Nadars' Senthikumara Nadar Collegec2021 a3/151-1,College Road,VirudhunagarbTamil Nadue626001k(04562) 280154msupport@vhnsnc.edu.in  a132p.c25cm(pbk) aMuthuchelian, K.eEditor